La peste

Enregistré dans:
Détails bibliographiques
Auteur principal: Camus, Albert
Format: Livre
Langue:Undetermined
Publié: Barcelona, España EDHASA 1980
Édition:7
Sujets:
Tags: Ajouter un tag
Pas de tags, Soyez le premier à ajouter un tag!

MARC

LEADER 00000nam a2200000Ia 4500
008 170316s9999 xx 000 0 und d
040 |a cru BVZT 
090 |a 840 C-2p 
100 |a Camus, Albert 
245 |a La peste 
250 |a 7 
260 |a Barcelona, España 
260 |b EDHASA 
260 |c 1980 
300 |a 240 páginas 
650 |a LITERATURA FRANCESA 
942 0 0 |0 1 
999 |c 7596  |d 7596